000 00491nam a2200133 4500
999 _c14160
_d14160
008 190903b ||||| |||| 00| 0 eng d
082 _aDPer 050 T48 Apr-June 2016 v. 187 n. 12-24
100 _939285
_aWorland, Justin.
245 _aAfter years of torrid growth, residential solar power faces serious growing pains/
_cJustin Worland.
260 _aHong Kong:
_bTime Asia,
_cc2016.
300 _av187 n19, page 33:
_billustrations;
_c27 cm.
650 _aSolar energy.
_939696
942 _2ddc
_cPER